<?xml version="1.0" encoding="UTF-8"?>
<record
    xmlns:xsi="http://www.w3.org/2001/XMLSchema-instance"
    xsi:schemaLocation="http://www.loc.gov/MARC21/slim http://www.loc.gov/standards/marcxml/schema/MARC21slim.xsd"
    xmlns="http://www.loc.gov/MARC21/slim">

  <leader>02614nas a2200277 454500</leader>
  <controlfield tag="001">37183</controlfield>
  <controlfield tag="005">20260407193509.0</controlfield>
  <controlfield tag="008">260407s1979####ag###########|||spa#d</controlfield>
  <controlfield tag="003">AR-UNSa-BCEJYS</controlfield>
  <datafield tag="040" ind1=" " ind2=" ">
    <subfield code="a">AR-UNSa-BCEJYS</subfield>
    <subfield code="b">spa</subfield>
    <subfield code="c">AR-UNSa-BCEJYS</subfield>
  </datafield>
  <datafield tag="080" ind1=" " ind2=" ">
    <subfield code="a">330.101</subfield>
    <subfield code="x">Ciencia econ&#xF3;mica en general. La econom&#xED;a y sus problemas. Objeto y m&#xE9;todos de la econom&#xED;a pol&#xED;tica </subfield>
  </datafield>
  <datafield tag="245" ind1="1" ind2="0">
    <subfield code="a">Anales de la Asociaci&#xF3;n Argentina de Econom&#xED;a Pol&#xED;tica</subfield>
    <subfield code="p">reuni&#xF3;n anual</subfield>
  </datafield>
  <datafield tag="264" ind1=" " ind2="1">
    <subfield code="a">Buenos Aires :</subfield>
    <subfield code="b">AAEP (Asociaci&#xF3;n Argentina de Econom&#xED;a Pol&#xED;tica)</subfield>
    <subfield code="c">1979</subfield>
  </datafield>
  <datafield tag="310" ind1=" " ind2=" ">
    <subfield code="a">Frecuencia: Anual
Reuni&#xF3;n Anual X: Universidad Nacional de Mar del Plata. Facultad de Ciencias Econ&#xF3;micas
Reuni&#xF3;n Anual XIII: Universidad Nacional de R&#xED;o Cuarto. Facultad de Ciencias Econ&#xF3;micas
Reuni&#xF3;n Anual XIV: Universidad Nacional de Cuyo. Facultad de Ciencias Econ&#xF3;micas
Reuni&#xF3;n Anual XV: Universidad Nacional de Mar del Plata. Facultad de Ciencias Econ&#xF3;micas y Sociales
Reuni&#xF3;n Anual XVIII: Universidad Nacional de Tucum&#xE1;n. Facultad de Ciencias Econ&#xF3;micas
Reuni&#xF3;n Anual XIX: Universidad Nacional de Misiones. Facultad de Ciencias Econ&#xF3;micas
Reuni&#xF3;n Anual XX: Universidad Nacional de Cuyo. Facultad de Ciencias Econ&#xF3;micas
Reuni&#xF3;n Anual XXI: Universidad Nacional de Salta. Facultad de Ciencias Econ&#xF3;micas, Jur&#xED;dicas y Sociales
Reuni&#xF3;n Anual XXII: Universidad Nacional de C&#xF3;rdoba. Facultad de Ciencias Econ&#xF3;micas
Reuni&#xF3;n Anual XXIII: Universidad Nacional de La Plata. Facultad de Ciencias Econ&#xF3;micas Y Estad&#xED;sticas
Reuni&#xF3;n Anual XXV: Universidad Nacional del Sur
Reuni&#xF3;n Anual XXVI: Universidad Cat&#xF3;lica de Santiago del Estero. Facultad de Ciencias Econ&#xF3;micas
Reuni&#xF3;n Anual XXVII: Universidad de San Andr&#xE9;s
Reuni&#xF3;n Anual XXVIII: Universidad Nacional de Tucum&#xE1;n. Facultad de Ciencias Econ&#xF3;micas 
Reuni&#xF3;n Anual XXIX: Universidad Nacional de La Plata. Facultad de Ciencias Econ&#xF3;micas
Reuni&#xF3;n Anual XXX: Universidad Nacional de R&#xED;o Cuarto. Facultad de Ciencias Econ&#xF3;micas
Reuni&#xF3;n Anual XXXII: Universidad Nacional del Sur. Departamento de Econom&#xED;a 
Reuni&#xF3;n Anual XXXV: Universidad Nacional de C&#xF3;rdoba. Facultad de Ciencias Econ&#xF3;micas

</subfield>
  </datafield>
  <datafield tag="041" ind1=" " ind2=" ">
    <subfield code="a">spa</subfield>
  </datafield>
  <datafield tag="942" ind1=" " ind2=" ">
    <subfield code="c">SER</subfield>
  </datafield>
  <datafield tag="590" ind1=" " ind2=" ">
    <subfield code="a">niveau_biblio:s niveau_hierar:1</subfield>
  </datafield>
  <datafield tag="100" ind1="1" ind2=" ">
    <subfield code="a">Asociaci&#xF3;n Argentina de Econom&#xED;a Pol&#xED;tica (AAEP)</subfield>
  </datafield>
  <datafield tag="650" ind1=" " ind2=" ">
    <subfield code="a">EMPRESAS</subfield>
  </datafield>
  <datafield tag="650" ind1=" " ind2=" ">
    <subfield code="a">Inflaci&#xF3;n</subfield>
  </datafield>
  <datafield tag="650" ind1=" " ind2=" ">
    <subfield code="a">Pol&#xED;tica monetaria</subfield>
  </datafield>
  <datafield tag="650" ind1=" " ind2=" ">
    <subfield code="a">Planificaci&#xF3;n econ&#xF3;mica</subfield>
  </datafield>
  <datafield tag="650" ind1=" " ind2=" ">
    <subfield code="a">Macroeconom&#xED;a</subfield>
  </datafield>
  <datafield tag="650" ind1=" " ind2=" ">
    <subfield code="a">ECONOMIA POLITICA</subfield>
  </datafield>
  <datafield tag="856" ind1="4" ind2="1">
    <subfield code="u">https://170.210.207.44/pmb/images/revistas/asicArgEconimia.jpg</subfield>
    <subfield code="y">Imagen de portada</subfield>
    <subfield code="q">image/jpeg</subfield>
  </datafield>
  <datafield tag="999" ind1=" " ind2=" ">
    <subfield code="c">8809</subfield>
    <subfield code="d">8809</subfield>
  </datafield>
  <datafield tag="952" ind1=" " ind2=" ">
    <subfield code="0">0</subfield>
    <subfield code="1">0</subfield>
    <subfield code="4">0</subfield>
    <subfield code="7">0</subfield>
    <subfield code="a">BCEJYS</subfield>
    <subfield code="b">BCEJYS</subfield>
    <subfield code="c">13</subfield>
    <subfield code="d">2006-11-15</subfield>
    <subfield code="h">N&#xB0; 41 - nov. 2006</subfield>
    <subfield code="l">0</subfield>
    <subfield code="o">H330.101 ANA 41</subfield>
    <subfield code="p">R21944</subfield>
    <subfield code="r">2026-04-10 16:09:52</subfield>
    <subfield code="w">2026-04-10</subfield>
    <subfield code="y">RN</subfield>
  </datafield>
  <datafield tag="952" ind1=" " ind2=" ">
    <subfield code="0">0</subfield>
    <subfield code="1">0</subfield>
    <subfield code="4">0</subfield>
    <subfield code="7">0</subfield>
    <subfield code="a">BCEJYS</subfield>
    <subfield code="b">BCEJYS</subfield>
    <subfield code="c">13</subfield>
    <subfield code="d">2005-11-16</subfield>
    <subfield code="h">N&#xB0; 40 - nov. 2005</subfield>
    <subfield code="l">0</subfield>
    <subfield code="o">H330.101 ANA 40</subfield>
    <subfield code="p">R21943</subfield>
    <subfield code="r">2026-04-10 16:09:52</subfield>
    <subfield code="w">2026-04-10</subfield>
    <subfield code="y">RN</subfield>
  </datafield>
  <datafield tag="952" ind1=" " ind2=" ">
    <subfield code="0">0</subfield>
    <subfield code="1">0</subfield>
    <subfield code="4">0</subfield>
    <subfield code="7">0</subfield>
    <subfield code="a">BCEJYS</subfield>
    <subfield code="b">BCEJYS</subfield>
    <subfield code="c">13</subfield>
    <subfield code="d">2000-12-01</subfield>
    <subfield code="h">N&#xB0; 35 - dic. 2000</subfield>
    <subfield code="l">0</subfield>
    <subfield code="o">H330.101 ANA 35</subfield>
    <subfield code="p">R21942</subfield>
    <subfield code="r">2026-04-10 16:09:52</subfield>
    <subfield code="w">2026-04-10</subfield>
    <subfield code="y">RN</subfield>
  </datafield>
  <datafield tag="952" ind1=" " ind2=" ">
    <subfield code="0">0</subfield>
    <subfield code="1">0</subfield>
    <subfield code="4">0</subfield>
    <subfield code="7">0</subfield>
    <subfield code="a">BCEJYS</subfield>
    <subfield code="b">BCEJYS</subfield>
    <subfield code="c">17</subfield>
    <subfield code="d">1997-12-01</subfield>
    <subfield code="h">N&#xBA; 32 - dic. 1997</subfield>
    <subfield code="l">0</subfield>
    <subfield code="o">H330.101 ANA 32 v.1</subfield>
    <subfield code="p">R20601</subfield>
    <subfield code="r">2026-04-10 16:09:52</subfield>
    <subfield code="w">2026-04-10</subfield>
    <subfield code="y">RN</subfield>
  </datafield>
  <datafield tag="952" ind1=" " ind2=" ">
    <subfield code="0">0</subfield>
    <subfield code="1">0</subfield>
    <subfield code="4">0</subfield>
    <subfield code="7">0</subfield>
    <subfield code="a">BCEJYS</subfield>
    <subfield code="b">BCEJYS</subfield>
    <subfield code="c">17</subfield>
    <subfield code="d">1997-12-01</subfield>
    <subfield code="h">N&#xBA; 32 - dic. 1997</subfield>
    <subfield code="l">0</subfield>
    <subfield code="o">H330.101 ANA 32 v.2</subfield>
    <subfield code="p">R20602</subfield>
    <subfield code="r">2026-04-10 16:09:52</subfield>
    <subfield code="w">2026-04-10</subfield>
    <subfield code="y">RN</subfield>
  </datafield>
  <datafield tag="952" ind1=" " ind2=" ">
    <subfield code="0">0</subfield>
    <subfield code="1">0</subfield>
    <subfield code="4">0</subfield>
    <subfield code="7">0</subfield>
    <subfield code="a">BCEJYS</subfield>
    <subfield code="b">BCEJYS</subfield>
    <subfield code="c">17</subfield>
    <subfield code="d">1997-12-01</subfield>
    <subfield code="h">N&#xBA; 32 - dic. 1997</subfield>
    <subfield code="l">0</subfield>
    <subfield code="o">H330.101 ANA 32 v.3</subfield>
    <subfield code="p">R20603</subfield>
    <subfield code="r">2026-04-10 16:09:52</subfield>
    <subfield code="w">2026-04-10</subfield>
    <subfield code="y">RN</subfield>
  </datafield>
  <datafield tag="952" ind1=" " ind2=" ">
    <subfield code="0">0</subfield>
    <subfield code="1">0</subfield>
    <subfield code="4">0</subfield>
    <subfield code="7">0</subfield>
    <subfield code="a">BCEJYS</subfield>
    <subfield code="b">BCEJYS</subfield>
    <subfield code="c">17</subfield>
    <subfield code="d">1997-12-01</subfield>
    <subfield code="h">N&#xBA; 32 - dic. 1997</subfield>
    <subfield code="l">0</subfield>
    <subfield code="o">H330.101 ANA 32 v.4</subfield>
    <subfield code="p">R20604</subfield>
    <subfield code="r">2026-04-10 16:09:52</subfield>
    <subfield code="w">2026-04-10</subfield>
    <subfield code="y">RN</subfield>
  </datafield>
  <datafield tag="952" ind1=" " ind2=" ">
    <subfield code="0">0</subfield>
    <subfield code="1">0</subfield>
    <subfield code="4">0</subfield>
    <subfield code="7">0</subfield>
    <subfield code="a">BCEJYS</subfield>
    <subfield code="b">BCEJYS</subfield>
    <subfield code="c">17</subfield>
    <subfield code="d">1996-12-01</subfield>
    <subfield code="h">N&#xBA; 31 - dic. 1996</subfield>
    <subfield code="l">0</subfield>
    <subfield code="o">H330.101 ANA 31 v.1</subfield>
    <subfield code="p">R20605</subfield>
    <subfield code="r">2026-04-10 16:09:52</subfield>
    <subfield code="w">2026-04-10</subfield>
    <subfield code="y">RN</subfield>
  </datafield>
  <datafield tag="952" ind1=" " ind2=" ">
    <subfield code="0">0</subfield>
    <subfield code="1">0</subfield>
    <subfield code="4">0</subfield>
    <subfield code="7">0</subfield>
    <subfield code="a">BCEJYS</subfield>
    <subfield code="b">BCEJYS</subfield>
    <subfield code="c">17</subfield>
    <subfield code="d">1996-12-01</subfield>
    <subfield code="h">N&#xBA; 31 - dic. 1996</subfield>
    <subfield code="l">0</subfield>
    <subfield code="o">H330.101 ANA 31 v.2</subfield>
    <subfield code="p">R20606</subfield>
    <subfield code="r">2026-04-10 16:09:52</subfield>
    <subfield code="w">2026-04-10</subfield>
    <subfield code="y">RN</subfield>
  </datafield>
  <datafield tag="952" ind1=" " ind2=" ">
    <subfield code="0">0</subfield>
    <subfield code="1">0</subfield>
    <subfield code="4">0</subfield>
    <subfield code="7">0</subfield>
    <subfield code="a">BCEJYS</subfield>
    <subfield code="b">BCEJYS</subfield>
    <subfield code="c">17</subfield>
    <subfield code="d">1996-12-01</subfield>
    <subfield code="h">N&#xBA; 31 - dic. 1996</subfield>
    <subfield code="l">0</subfield>
    <subfield code="o">H330.101 ANA 31 v.2Ej.2</subfield>
    <subfield code="p">R20607</subfield>
    <subfield code="r">2026-04-10 16:09:52</subfield>
    <subfield code="w">2026-04-10</subfield>
    <subfield code="y">RN</subfield>
  </datafield>
  <datafield tag="952" ind1=" " ind2=" ">
    <subfield code="0">0</subfield>
    <subfield code="1">0</subfield>
    <subfield code="4">0</subfield>
    <subfield code="7">0</subfield>
    <subfield code="a">BCEJYS</subfield>
    <subfield code="b">BCEJYS</subfield>
    <subfield code="c">17</subfield>
    <subfield code="d">1996-12-01</subfield>
    <subfield code="h">N&#xBA; 31 - dic. 1996</subfield>
    <subfield code="l">0</subfield>
    <subfield code="o">H330.101 ANA 31 v.3</subfield>
    <subfield code="p">R20608</subfield>
    <subfield code="r">2026-04-10 16:09:52</subfield>
    <subfield code="w">2026-04-10</subfield>
    <subfield code="y">RN</subfield>
  </datafield>
  <datafield tag="952" ind1=" " ind2=" ">
    <subfield code="0">0</subfield>
    <subfield code="1">0</subfield>
    <subfield code="4">0</subfield>
    <subfield code="7">0</subfield>
    <subfield code="a">BCEJYS</subfield>
    <subfield code="b">BCEJYS</subfield>
    <subfield code="c">17</subfield>
    <subfield code="d">1996-12-01</subfield>
    <subfield code="h">N&#xBA; 31 - dic. 1996</subfield>
    <subfield code="l">0</subfield>
    <subfield code="o">H330.101 ANA 31 v.3Ej.2</subfield>
    <subfield code="p">R20609</subfield>
    <subfield code="r">2026-04-10 16:09:52</subfield>
    <subfield code="w">2026-04-10</subfield>
    <subfield code="y">RN</subfield>
  </datafield>
  <datafield tag="952" ind1=" " ind2=" ">
    <subfield code="0">0</subfield>
    <subfield code="1">0</subfield>
    <subfield code="4">0</subfield>
    <subfield code="7">0</subfield>
    <subfield code="a">BCEJYS</subfield>
    <subfield code="b">BCEJYS</subfield>
    <subfield code="c">17</subfield>
    <subfield code="d">1996-12-01</subfield>
    <subfield code="h">N&#xBA; 31 - dic. 1996</subfield>
    <subfield code="l">0</subfield>
    <subfield code="o">H330.101 ANA 31 v.4</subfield>
    <subfield code="p">R20610</subfield>
    <subfield code="r">2026-04-10 16:09:52</subfield>
    <subfield code="w">2026-04-10</subfield>
    <subfield code="y">RN</subfield>
  </datafield>
  <datafield tag="952" ind1=" " ind2=" ">
    <subfield code="0">0</subfield>
    <subfield code="1">0</subfield>
    <subfield code="4">0</subfield>
    <subfield code="7">0</subfield>
    <subfield code="a">BCEJYS</subfield>
    <subfield code="b">BCEJYS</subfield>
    <subfield code="c">17</subfield>
    <subfield code="d">1996-12-01</subfield>
    <subfield code="h">N&#xBA; 31 - dic. 1996</subfield>
    <subfield code="l">0</subfield>
    <subfield code="o">H330.101 ANA 31 v.4Ej.2</subfield>
    <subfield code="p">R20611</subfield>
    <subfield code="r">2026-04-10 16:09:52</subfield>
    <subfield code="w">2026-04-10</subfield>
    <subfield code="y">RN</subfield>
  </datafield>
  <datafield tag="952" ind1=" " ind2=" ">
    <subfield code="0">0</subfield>
    <subfield code="1">0</subfield>
    <subfield code="4">0</subfield>
    <subfield code="7">0</subfield>
    <subfield code="a">BCEJYS</subfield>
    <subfield code="b">BCEJYS</subfield>
    <subfield code="c">17</subfield>
    <subfield code="d">1996-12-01</subfield>
    <subfield code="h">N&#xBA; 31 - dic. 1996</subfield>
    <subfield code="l">0</subfield>
    <subfield code="o">H330.101 ANA 31 v.5</subfield>
    <subfield code="p">R20612</subfield>
    <subfield code="r">2026-04-10 16:09:52</subfield>
    <subfield code="w">2026-04-10</subfield>
    <subfield code="y">RN</subfield>
  </datafield>
  <datafield tag="952" ind1=" " ind2=" ">
    <subfield code="0">0</subfield>
    <subfield code="1">0</subfield>
    <subfield code="4">0</subfield>
    <subfield code="7">0</subfield>
    <subfield code="a">BCEJYS</subfield>
    <subfield code="b">BCEJYS</subfield>
    <subfield code="c">17</subfield>
    <subfield code="d">1996-12-01</subfield>
    <subfield code="h">N&#xBA; 31 - dic. 1996</subfield>
    <subfield code="l">0</subfield>
    <subfield code="o">H330.101 ANA 31 v.5Ej.2</subfield>
    <subfield code="p">R20613</subfield>
    <subfield code="r">2026-04-10 16:09:52</subfield>
    <subfield code="w">2026-04-10</subfield>
    <subfield code="y">RN</subfield>
  </datafield>
  <datafield tag="952" ind1=" " ind2=" ">
    <subfield code="0">0</subfield>
    <subfield code="1">0</subfield>
    <subfield code="4">0</subfield>
    <subfield code="7">0</subfield>
    <subfield code="a">BCEJYS</subfield>
    <subfield code="b">BCEJYS</subfield>
    <subfield code="c">17</subfield>
    <subfield code="d">1996-12-01</subfield>
    <subfield code="h">N&#xBA; 31 - dic. 1996</subfield>
    <subfield code="l">0</subfield>
    <subfield code="o">H330.101 ANA 31 v.6</subfield>
    <subfield code="p">R20614</subfield>
    <subfield code="r">2026-04-10 16:09:52</subfield>
    <subfield code="w">2026-04-10</subfield>
    <subfield code="y">RN</subfield>
  </datafield>
  <datafield tag="952" ind1=" " ind2=" ">
    <subfield code="0">0</subfield>
    <subfield code="1">0</subfield>
    <subfield code="4">0</subfield>
    <subfield code="7">0</subfield>
    <subfield code="a">BCEJYS</subfield>
    <subfield code="b">BCEJYS</subfield>
    <subfield code="c">17</subfield>
    <subfield code="d">1996-12-01</subfield>
    <subfield code="h">N&#xBA; 31 - dic. 1996</subfield>
    <subfield code="l">0</subfield>
    <subfield code="o">H330.101 ANA 31 v.6Ej.2</subfield>
    <subfield code="p">R20615</subfield>
    <subfield code="r">2026-04-10 16:09:52</subfield>
    <subfield code="w">2026-04-10</subfield>
    <subfield code="y">RN</subfield>
  </datafield>
  <datafield tag="952" ind1=" " ind2=" ">
    <subfield code="0">0</subfield>
    <subfield code="1">0</subfield>
    <subfield code="4">0</subfield>
    <subfield code="7">0</subfield>
    <subfield code="a">BCEJYS</subfield>
    <subfield code="b">BCEJYS</subfield>
    <subfield code="c">13</subfield>
    <subfield code="d">1995-12-01</subfield>
    <subfield code="h">N&#xB0; 30 - dic. 1995</subfield>
    <subfield code="l">0</subfield>
    <subfield code="o">H330.101 ANA 30 v.3</subfield>
    <subfield code="p">R21941</subfield>
    <subfield code="r">2026-04-10 16:09:52</subfield>
    <subfield code="w">2026-04-10</subfield>
    <subfield code="y">RN</subfield>
  </datafield>
  <datafield tag="952" ind1=" " ind2=" ">
    <subfield code="0">0</subfield>
    <subfield code="1">0</subfield>
    <subfield code="4">0</subfield>
    <subfield code="7">0</subfield>
    <subfield code="a">BCEJYS</subfield>
    <subfield code="b">BCEJYS</subfield>
    <subfield code="c">13</subfield>
    <subfield code="d">1994-12-01</subfield>
    <subfield code="h">N&#xBA; 29 - dic. 1994</subfield>
    <subfield code="l">0</subfield>
    <subfield code="o">H330.101 ANA 29 v.1</subfield>
    <subfield code="p">R21929</subfield>
    <subfield code="r">2026-04-10 16:09:52</subfield>
    <subfield code="w">2026-04-10</subfield>
    <subfield code="y">RN</subfield>
  </datafield>
  <datafield tag="952" ind1=" " ind2=" ">
    <subfield code="0">0</subfield>
    <subfield code="1">0</subfield>
    <subfield code="4">0</subfield>
    <subfield code="7">0</subfield>
    <subfield code="a">BCEJYS</subfield>
    <subfield code="b">BCEJYS</subfield>
    <subfield code="c">13</subfield>
    <subfield code="d">1994-12-01</subfield>
    <subfield code="h">N&#xBA; 29 - dic. 1994</subfield>
    <subfield code="l">0</subfield>
    <subfield code="o">H330.101 ANA 29 v.2</subfield>
    <subfield code="p">R21930</subfield>
    <subfield code="r">2026-04-10 16:09:52</subfield>
    <subfield code="w">2026-04-10</subfield>
    <subfield code="y">RN</subfield>
  </datafield>
  <datafield tag="952" ind1=" " ind2=" ">
    <subfield code="0">0</subfield>
    <subfield code="1">0</subfield>
    <subfield code="4">0</subfield>
    <subfield code="7">0</subfield>
    <subfield code="a">BCEJYS</subfield>
    <subfield code="b">BCEJYS</subfield>
    <subfield code="c">13</subfield>
    <subfield code="d">1994-12-01</subfield>
    <subfield code="h">N&#xBA; 29 - dic. 1994</subfield>
    <subfield code="l">0</subfield>
    <subfield code="o">H330.101 ANA 29 v.3</subfield>
    <subfield code="p">R21931</subfield>
    <subfield code="r">2026-04-10 16:09:52</subfield>
    <subfield code="w">2026-04-10</subfield>
    <subfield code="y">RN</subfield>
  </datafield>
  <datafield tag="952" ind1=" " ind2=" ">
    <subfield code="0">0</subfield>
    <subfield code="1">0</subfield>
    <subfield code="4">0</subfield>
    <subfield code="7">0</subfield>
    <subfield code="a">BCEJYS</subfield>
    <subfield code="b">BCEJYS</subfield>
    <subfield code="c">13</subfield>
    <subfield code="d">1994-12-01</subfield>
    <subfield code="h">N&#xBA; 29 - dic. 1994</subfield>
    <subfield code="l">0</subfield>
    <subfield code="o">H330.101 ANA 29 v.4</subfield>
    <subfield code="p">R21932</subfield>
    <subfield code="r">2026-04-10 16:09:52</subfield>
    <subfield code="w">2026-04-10</subfield>
    <subfield code="y">RN</subfield>
  </datafield>
  <datafield tag="952" ind1=" " ind2=" ">
    <subfield code="0">0</subfield>
    <subfield code="1">0</subfield>
    <subfield code="4">0</subfield>
    <subfield code="7">0</subfield>
    <subfield code="a">BCEJYS</subfield>
    <subfield code="b">BCEJYS</subfield>
    <subfield code="c">17</subfield>
    <subfield code="d">1993-12-01</subfield>
    <subfield code="h">N&#xBA; 28 - dic. 1993</subfield>
    <subfield code="l">0</subfield>
    <subfield code="o">H330.101 ANA 28</subfield>
    <subfield code="p">R19418</subfield>
    <subfield code="r">2026-04-10 16:09:52</subfield>
    <subfield code="w">2026-04-10</subfield>
    <subfield code="y">RN</subfield>
  </datafield>
  <datafield tag="952" ind1=" " ind2=" ">
    <subfield code="0">0</subfield>
    <subfield code="1">0</subfield>
    <subfield code="4">0</subfield>
    <subfield code="7">0</subfield>
    <subfield code="a">BCEJYS</subfield>
    <subfield code="b">BCEJYS</subfield>
    <subfield code="c">13</subfield>
    <subfield code="d">1993-12-01</subfield>
    <subfield code="h">N&#xBA; 28 - dic. 1993</subfield>
    <subfield code="l">0</subfield>
    <subfield code="o">H330.101 ANA 28 v.3</subfield>
    <subfield code="p">R21927</subfield>
    <subfield code="r">2026-04-10 16:09:52</subfield>
    <subfield code="w">2026-04-10</subfield>
    <subfield code="y">RN</subfield>
  </datafield>
  <datafield tag="952" ind1=" " ind2=" ">
    <subfield code="0">0</subfield>
    <subfield code="1">0</subfield>
    <subfield code="4">0</subfield>
    <subfield code="7">0</subfield>
    <subfield code="a">BCEJYS</subfield>
    <subfield code="b">BCEJYS</subfield>
    <subfield code="c">13</subfield>
    <subfield code="d">1993-12-01</subfield>
    <subfield code="h">N&#xBA; 28 - dic. 1993</subfield>
    <subfield code="l">0</subfield>
    <subfield code="o">H330.101 ANA 28 v.4</subfield>
    <subfield code="p">R21928</subfield>
    <subfield code="r">2026-04-10 16:09:52</subfield>
    <subfield code="w">2026-04-10</subfield>
    <subfield code="y">RN</subfield>
  </datafield>
  <datafield tag="952" ind1=" " ind2=" ">
    <subfield code="0">0</subfield>
    <subfield code="1">0</subfield>
    <subfield code="4">0</subfield>
    <subfield code="7">0</subfield>
    <subfield code="a">BCEJYS</subfield>
    <subfield code="b">BCEJYS</subfield>
    <subfield code="c">17</subfield>
    <subfield code="d">1992-12-01</subfield>
    <subfield code="h">N&#xBA; 27 - dic. 1992</subfield>
    <subfield code="l">0</subfield>
    <subfield code="o">H330.101 ANA 27 v.1</subfield>
    <subfield code="p">R19416</subfield>
    <subfield code="r">2026-04-10 16:09:52</subfield>
    <subfield code="w">2026-04-10</subfield>
    <subfield code="y">RN</subfield>
  </datafield>
  <datafield tag="952" ind1=" " ind2=" ">
    <subfield code="0">0</subfield>
    <subfield code="1">0</subfield>
    <subfield code="4">0</subfield>
    <subfield code="7">0</subfield>
    <subfield code="a">BCEJYS</subfield>
    <subfield code="b">BCEJYS</subfield>
    <subfield code="c">17</subfield>
    <subfield code="d">1992-12-01</subfield>
    <subfield code="h">N&#xBA; 27 - dic. 1992</subfield>
    <subfield code="l">0</subfield>
    <subfield code="o">H330.101 ANA 27 v.2</subfield>
    <subfield code="p">R19417</subfield>
    <subfield code="r">2026-04-10 16:09:52</subfield>
    <subfield code="w">2026-04-10</subfield>
    <subfield code="y">RN</subfield>
  </datafield>
  <datafield tag="952" ind1=" " ind2=" ">
    <subfield code="0">0</subfield>
    <subfield code="1">0</subfield>
    <subfield code="4">0</subfield>
    <subfield code="7">0</subfield>
    <subfield code="a">BCEJYS</subfield>
    <subfield code="b">BCEJYS</subfield>
    <subfield code="c">13</subfield>
    <subfield code="d">1992-12-01</subfield>
    <subfield code="h">N&#xBA; 27 - dic. 1992</subfield>
    <subfield code="l">0</subfield>
    <subfield code="o">H330.101 ANA 27 v.2 Ej.2</subfield>
    <subfield code="p">R21940</subfield>
    <subfield code="r">2026-04-10 16:09:52</subfield>
    <subfield code="w">2026-04-10</subfield>
    <subfield code="y">RN</subfield>
  </datafield>
  <datafield tag="952" ind1=" " ind2=" ">
    <subfield code="0">0</subfield>
    <subfield code="1">0</subfield>
    <subfield code="4">0</subfield>
    <subfield code="7">0</subfield>
    <subfield code="a">BCEJYS</subfield>
    <subfield code="b">BCEJYS</subfield>
    <subfield code="c">13</subfield>
    <subfield code="d">1991-12-01</subfield>
    <subfield code="h">N&#xBA; 26 - dic. 1991</subfield>
    <subfield code="l">0</subfield>
    <subfield code="o">H330.101 ANA 26 v.2</subfield>
    <subfield code="p">R21939</subfield>
    <subfield code="r">2026-04-10 16:09:52</subfield>
    <subfield code="w">2026-04-10</subfield>
    <subfield code="y">RN</subfield>
  </datafield>
  <datafield tag="952" ind1=" " ind2=" ">
    <subfield code="0">0</subfield>
    <subfield code="1">0</subfield>
    <subfield code="4">0</subfield>
    <subfield code="7">0</subfield>
    <subfield code="a">BCEJYS</subfield>
    <subfield code="b">BCEJYS</subfield>
    <subfield code="c">17</subfield>
    <subfield code="d">1990-12-01</subfield>
    <subfield code="h">N&#xBA; 25 - dic. 1990</subfield>
    <subfield code="l">0</subfield>
    <subfield code="o">H330.101 ANA 25 v.1</subfield>
    <subfield code="p">R19459</subfield>
    <subfield code="r">2026-04-10 16:09:52</subfield>
    <subfield code="w">2026-04-10</subfield>
    <subfield code="y">RN</subfield>
  </datafield>
  <datafield tag="952" ind1=" " ind2=" ">
    <subfield code="0">0</subfield>
    <subfield code="1">0</subfield>
    <subfield code="4">0</subfield>
    <subfield code="7">0</subfield>
    <subfield code="a">BCEJYS</subfield>
    <subfield code="b">BCEJYS</subfield>
    <subfield code="c">17</subfield>
    <subfield code="d">1990-12-01</subfield>
    <subfield code="h">N&#xBA; 25 - dic. 1990</subfield>
    <subfield code="l">0</subfield>
    <subfield code="o">H330.101 ANA 25 v.1Ej.2</subfield>
    <subfield code="p">R19460</subfield>
    <subfield code="r">2026-04-10 16:09:52</subfield>
    <subfield code="w">2026-04-10</subfield>
    <subfield code="y">RN</subfield>
  </datafield>
  <datafield tag="952" ind1=" " ind2=" ">
    <subfield code="0">0</subfield>
    <subfield code="1">0</subfield>
    <subfield code="4">0</subfield>
    <subfield code="7">0</subfield>
    <subfield code="a">BCEJYS</subfield>
    <subfield code="b">BCEJYS</subfield>
    <subfield code="c">17</subfield>
    <subfield code="d">1990-12-01</subfield>
    <subfield code="h">N&#xBA; 25 - dic. 1990</subfield>
    <subfield code="l">0</subfield>
    <subfield code="o">H330.101 ANA 25 v.2</subfield>
    <subfield code="p">R19461</subfield>
    <subfield code="r">2026-04-10 16:09:52</subfield>
    <subfield code="w">2026-04-10</subfield>
    <subfield code="y">RN</subfield>
  </datafield>
  <datafield tag="952" ind1=" " ind2=" ">
    <subfield code="0">0</subfield>
    <subfield code="1">0</subfield>
    <subfield code="4">0</subfield>
    <subfield code="7">0</subfield>
    <subfield code="a">BCEJYS</subfield>
    <subfield code="b">BCEJYS</subfield>
    <subfield code="c">13</subfield>
    <subfield code="d">1990-12-01</subfield>
    <subfield code="h">N&#xBA; 25 - dic. 1990</subfield>
    <subfield code="l">0</subfield>
    <subfield code="o">H330.101 ANA 25 v.3</subfield>
    <subfield code="p">R21937</subfield>
    <subfield code="r">2026-04-10 16:09:52</subfield>
    <subfield code="w">2026-04-10</subfield>
    <subfield code="y">RN</subfield>
  </datafield>
  <datafield tag="952" ind1=" " ind2=" ">
    <subfield code="0">0</subfield>
    <subfield code="1">0</subfield>
    <subfield code="4">0</subfield>
    <subfield code="7">0</subfield>
    <subfield code="a">BCEJYS</subfield>
    <subfield code="b">BCEJYS</subfield>
    <subfield code="c">13</subfield>
    <subfield code="d">1990-12-01</subfield>
    <subfield code="h">N&#xBA; 25 - dic. 1990</subfield>
    <subfield code="l">0</subfield>
    <subfield code="o">H330.101 ANA 25 v.4</subfield>
    <subfield code="p">R21938</subfield>
    <subfield code="r">2026-04-10 16:09:52</subfield>
    <subfield code="w">2026-04-10</subfield>
    <subfield code="y">RN</subfield>
  </datafield>
  <datafield tag="952" ind1=" " ind2=" ">
    <subfield code="0">0</subfield>
    <subfield code="1">0</subfield>
    <subfield code="4">0</subfield>
    <subfield code="7">0</subfield>
    <subfield code="a">BCEJYS</subfield>
    <subfield code="b">BCEJYS</subfield>
    <subfield code="c">17</subfield>
    <subfield code="d">1989-12-01</subfield>
    <subfield code="h">N&#xBA; 24 - dic. 1989</subfield>
    <subfield code="l">0</subfield>
    <subfield code="o">H330.101 ANA 24 v.1</subfield>
    <subfield code="p">R19413</subfield>
    <subfield code="r">2026-04-10 16:09:52</subfield>
    <subfield code="w">2026-04-10</subfield>
    <subfield code="y">RN</subfield>
  </datafield>
  <datafield tag="952" ind1=" " ind2=" ">
    <subfield code="0">0</subfield>
    <subfield code="1">0</subfield>
    <subfield code="4">0</subfield>
    <subfield code="7">0</subfield>
    <subfield code="a">BCEJYS</subfield>
    <subfield code="b">BCEJYS</subfield>
    <subfield code="c">17</subfield>
    <subfield code="d">1989-12-01</subfield>
    <subfield code="h">N&#xBA; 24 - dic. 1989</subfield>
    <subfield code="l">0</subfield>
    <subfield code="o">H330.101 ANA 24 v.2</subfield>
    <subfield code="p">R19414</subfield>
    <subfield code="r">2026-04-10 16:09:52</subfield>
    <subfield code="w">2026-04-10</subfield>
    <subfield code="y">RN</subfield>
  </datafield>
  <datafield tag="952" ind1=" " ind2=" ">
    <subfield code="0">0</subfield>
    <subfield code="1">0</subfield>
    <subfield code="4">0</subfield>
    <subfield code="7">0</subfield>
    <subfield code="a">BCEJYS</subfield>
    <subfield code="b">BCEJYS</subfield>
    <subfield code="c">17</subfield>
    <subfield code="d">1989-12-01</subfield>
    <subfield code="h">N&#xBA; 24 - dic. 1989</subfield>
    <subfield code="l">0</subfield>
    <subfield code="o">H330.101 ANA 24 v.3</subfield>
    <subfield code="p">R19415</subfield>
    <subfield code="r">2026-04-10 16:09:52</subfield>
    <subfield code="w">2026-04-10</subfield>
    <subfield code="y">RN</subfield>
  </datafield>
  <datafield tag="952" ind1=" " ind2=" ">
    <subfield code="0">0</subfield>
    <subfield code="1">0</subfield>
    <subfield code="4">0</subfield>
    <subfield code="7">0</subfield>
    <subfield code="a">BCEJYS</subfield>
    <subfield code="b">BCEJYS</subfield>
    <subfield code="c">13</subfield>
    <subfield code="d">1988-12-01</subfield>
    <subfield code="h">N&#xBA; 23 - dic. 1988</subfield>
    <subfield code="l">0</subfield>
    <subfield code="o">H330.101 ANA 23 v.2</subfield>
    <subfield code="p">R21934</subfield>
    <subfield code="r">2026-04-10 16:09:52</subfield>
    <subfield code="w">2026-04-10</subfield>
    <subfield code="y">RN</subfield>
  </datafield>
  <datafield tag="952" ind1=" " ind2=" ">
    <subfield code="0">0</subfield>
    <subfield code="1">0</subfield>
    <subfield code="4">0</subfield>
    <subfield code="7">0</subfield>
    <subfield code="a">BCEJYS</subfield>
    <subfield code="b">BCEJYS</subfield>
    <subfield code="c">13</subfield>
    <subfield code="d">1988-12-01</subfield>
    <subfield code="h">N&#xBA; 23 - dic. 1988</subfield>
    <subfield code="l">0</subfield>
    <subfield code="o">H330.101 ANA 23 v.3</subfield>
    <subfield code="p">R21935</subfield>
    <subfield code="r">2026-04-10 16:09:52</subfield>
    <subfield code="w">2026-04-10</subfield>
    <subfield code="y">RN</subfield>
  </datafield>
  <datafield tag="952" ind1=" " ind2=" ">
    <subfield code="0">0</subfield>
    <subfield code="1">0</subfield>
    <subfield code="4">0</subfield>
    <subfield code="7">0</subfield>
    <subfield code="a">BCEJYS</subfield>
    <subfield code="b">BCEJYS</subfield>
    <subfield code="c">13</subfield>
    <subfield code="d">1988-12-01</subfield>
    <subfield code="h">N&#xBA; 23 - dic. 1988</subfield>
    <subfield code="l">0</subfield>
    <subfield code="o">H330.101 ANA 23 v.4</subfield>
    <subfield code="p">R21936</subfield>
    <subfield code="r">2026-04-10 16:09:52</subfield>
    <subfield code="w">2026-04-10</subfield>
    <subfield code="y">RN</subfield>
  </datafield>
  <datafield tag="952" ind1=" " ind2=" ">
    <subfield code="0">0</subfield>
    <subfield code="1">0</subfield>
    <subfield code="4">0</subfield>
    <subfield code="7">0</subfield>
    <subfield code="a">BCEJYS</subfield>
    <subfield code="b">BCEJYS</subfield>
    <subfield code="c">17</subfield>
    <subfield code="d">1987-12-01</subfield>
    <subfield code="h">N&#xBA; 22 - dic. 1987</subfield>
    <subfield code="l">0</subfield>
    <subfield code="o">H330.101 ANA 22 v.1</subfield>
    <subfield code="p">R19405</subfield>
    <subfield code="r">2026-04-10 16:09:52</subfield>
    <subfield code="w">2026-04-10</subfield>
    <subfield code="y">RN</subfield>
  </datafield>
  <datafield tag="952" ind1=" " ind2=" ">
    <subfield code="0">0</subfield>
    <subfield code="1">0</subfield>
    <subfield code="4">0</subfield>
    <subfield code="7">0</subfield>
    <subfield code="a">BCEJYS</subfield>
    <subfield code="b">BCEJYS</subfield>
    <subfield code="c">17</subfield>
    <subfield code="d">1987-12-01</subfield>
    <subfield code="h">N&#xBA; 22 - dic. 1987</subfield>
    <subfield code="l">0</subfield>
    <subfield code="o">H330.101 ANA 22 v.1Ej.2</subfield>
    <subfield code="p">R19406</subfield>
    <subfield code="r">2026-04-10 16:09:52</subfield>
    <subfield code="w">2026-04-10</subfield>
    <subfield code="y">RN</subfield>
  </datafield>
  <datafield tag="952" ind1=" " ind2=" ">
    <subfield code="0">0</subfield>
    <subfield code="1">0</subfield>
    <subfield code="4">0</subfield>
    <subfield code="7">0</subfield>
    <subfield code="a">BCEJYS</subfield>
    <subfield code="b">BCEJYS</subfield>
    <subfield code="c">17</subfield>
    <subfield code="d">1987-12-01</subfield>
    <subfield code="h">N&#xBA; 22 - dic. 1987</subfield>
    <subfield code="l">0</subfield>
    <subfield code="o">H330.101 ANA 22 v.2</subfield>
    <subfield code="p">R19407</subfield>
    <subfield code="r">2026-04-10 16:09:52</subfield>
    <subfield code="w">2026-04-10</subfield>
    <subfield code="y">RN</subfield>
  </datafield>
  <datafield tag="952" ind1=" " ind2=" ">
    <subfield code="0">0</subfield>
    <subfield code="1">0</subfield>
    <subfield code="4">0</subfield>
    <subfield code="7">0</subfield>
    <subfield code="a">BCEJYS</subfield>
    <subfield code="b">BCEJYS</subfield>
    <subfield code="c">17</subfield>
    <subfield code="d">1987-12-01</subfield>
    <subfield code="h">N&#xBA; 22 - dic. 1987</subfield>
    <subfield code="l">0</subfield>
    <subfield code="o">H330.101 ANA 22 v.2Ej.2</subfield>
    <subfield code="p">R19408</subfield>
    <subfield code="r">2026-04-10 16:09:52</subfield>
    <subfield code="w">2026-04-10</subfield>
    <subfield code="y">RN</subfield>
  </datafield>
  <datafield tag="952" ind1=" " ind2=" ">
    <subfield code="0">0</subfield>
    <subfield code="1">0</subfield>
    <subfield code="4">0</subfield>
    <subfield code="7">0</subfield>
    <subfield code="a">BCEJYS</subfield>
    <subfield code="b">BCEJYS</subfield>
    <subfield code="c">17</subfield>
    <subfield code="d">1987-12-01</subfield>
    <subfield code="h">N&#xBA; 22 - dic. 1987</subfield>
    <subfield code="l">0</subfield>
    <subfield code="o">H330.101 ANA 22 v.3</subfield>
    <subfield code="p">R19409</subfield>
    <subfield code="r">2026-04-10 16:09:52</subfield>
    <subfield code="w">2026-04-10</subfield>
    <subfield code="y">RN</subfield>
  </datafield>
  <datafield tag="952" ind1=" " ind2=" ">
    <subfield code="0">0</subfield>
    <subfield code="1">0</subfield>
    <subfield code="4">0</subfield>
    <subfield code="7">0</subfield>
    <subfield code="a">BCEJYS</subfield>
    <subfield code="b">BCEJYS</subfield>
    <subfield code="c">17</subfield>
    <subfield code="d">1987-12-01</subfield>
    <subfield code="h">N&#xBA; 22 - dic. 1987</subfield>
    <subfield code="l">0</subfield>
    <subfield code="o">H330.101 ANA 22 v.3Ej.2</subfield>
    <subfield code="p">R19410</subfield>
    <subfield code="r">2026-04-10 16:09:52</subfield>
    <subfield code="w">2026-04-10</subfield>
    <subfield code="y">RN</subfield>
  </datafield>
  <datafield tag="952" ind1=" " ind2=" ">
    <subfield code="0">0</subfield>
    <subfield code="1">0</subfield>
    <subfield code="4">0</subfield>
    <subfield code="7">0</subfield>
    <subfield code="a">BCEJYS</subfield>
    <subfield code="b">BCEJYS</subfield>
    <subfield code="c">17</subfield>
    <subfield code="d">1987-12-01</subfield>
    <subfield code="h">N&#xBA; 22 - dic. 1987</subfield>
    <subfield code="l">0</subfield>
    <subfield code="o">H330.101 ANA 22 v.4</subfield>
    <subfield code="p">R19411</subfield>
    <subfield code="r">2026-04-10 16:09:52</subfield>
    <subfield code="w">2026-04-10</subfield>
    <subfield code="y">RN</subfield>
  </datafield>
  <datafield tag="952" ind1=" " ind2=" ">
    <subfield code="0">0</subfield>
    <subfield code="1">0</subfield>
    <subfield code="4">0</subfield>
    <subfield code="7">0</subfield>
    <subfield code="a">BCEJYS</subfield>
    <subfield code="b">BCEJYS</subfield>
    <subfield code="c">17</subfield>
    <subfield code="d">1987-12-01</subfield>
    <subfield code="h">N&#xBA; 22 - dic. 1987</subfield>
    <subfield code="l">0</subfield>
    <subfield code="o">H330.101 ANA 22 v.4Ej.2</subfield>
    <subfield code="p">R19412</subfield>
    <subfield code="r">2026-04-10 16:09:52</subfield>
    <subfield code="w">2026-04-10</subfield>
    <subfield code="y">RN</subfield>
  </datafield>
  <datafield tag="952" ind1=" " ind2=" ">
    <subfield code="0">0</subfield>
    <subfield code="1">0</subfield>
    <subfield code="4">0</subfield>
    <subfield code="7">0</subfield>
    <subfield code="a">BCEJYS</subfield>
    <subfield code="b">BCEJYS</subfield>
    <subfield code="c">17</subfield>
    <subfield code="d">1986-12-01</subfield>
    <subfield code="h">N&#xBA; 21 - dic. 1986</subfield>
    <subfield code="l">0</subfield>
    <subfield code="o">H330.101 ANA 21 v.1</subfield>
    <subfield code="p">R19400</subfield>
    <subfield code="r">2026-04-10 16:09:52</subfield>
    <subfield code="w">2026-04-10</subfield>
    <subfield code="y">RN</subfield>
  </datafield>
  <datafield tag="952" ind1=" " ind2=" ">
    <subfield code="0">0</subfield>
    <subfield code="1">0</subfield>
    <subfield code="4">0</subfield>
    <subfield code="7">0</subfield>
    <subfield code="a">BCEJYS</subfield>
    <subfield code="b">BCEJYS</subfield>
    <subfield code="c">17</subfield>
    <subfield code="d">1986-12-01</subfield>
    <subfield code="h">N&#xBA; 21 - dic. 1986</subfield>
    <subfield code="l">0</subfield>
    <subfield code="o">H330.101 ANA 21 v.2</subfield>
    <subfield code="p">R19401</subfield>
    <subfield code="r">2026-04-10 16:09:52</subfield>
    <subfield code="w">2026-04-10</subfield>
    <subfield code="y">RN</subfield>
  </datafield>
  <datafield tag="952" ind1=" " ind2=" ">
    <subfield code="0">0</subfield>
    <subfield code="1">0</subfield>
    <subfield code="4">0</subfield>
    <subfield code="7">0</subfield>
    <subfield code="a">BCEJYS</subfield>
    <subfield code="b">BCEJYS</subfield>
    <subfield code="c">17</subfield>
    <subfield code="d">1986-12-01</subfield>
    <subfield code="h">N&#xBA; 21 - dic. 1986</subfield>
    <subfield code="l">0</subfield>
    <subfield code="o">H330.101 ANA 21 v.3</subfield>
    <subfield code="p">R19402</subfield>
    <subfield code="r">2026-04-10 16:09:52</subfield>
    <subfield code="w">2026-04-10</subfield>
    <subfield code="y">RN</subfield>
  </datafield>
  <datafield tag="952" ind1=" " ind2=" ">
    <subfield code="0">0</subfield>
    <subfield code="1">0</subfield>
    <subfield code="4">0</subfield>
    <subfield code="7">0</subfield>
    <subfield code="a">BCEJYS</subfield>
    <subfield code="b">BCEJYS</subfield>
    <subfield code="c">17</subfield>
    <subfield code="d">1986-12-01</subfield>
    <subfield code="h">N&#xBA; 21 - dic. 1986</subfield>
    <subfield code="l">0</subfield>
    <subfield code="o">H330.101 ANA 21 v.4</subfield>
    <subfield code="p">R19403</subfield>
    <subfield code="r">2026-04-10 16:09:52</subfield>
    <subfield code="w">2026-04-10</subfield>
    <subfield code="y">RN</subfield>
  </datafield>
  <datafield tag="952" ind1=" " ind2=" ">
    <subfield code="0">0</subfield>
    <subfield code="1">0</subfield>
    <subfield code="4">0</subfield>
    <subfield code="7">0</subfield>
    <subfield code="a">BCEJYS</subfield>
    <subfield code="b">BCEJYS</subfield>
    <subfield code="c">17</subfield>
    <subfield code="d">1986-12-01</subfield>
    <subfield code="h">N&#xBA; 21 - dic. 1986</subfield>
    <subfield code="l">0</subfield>
    <subfield code="o">H330.101 ANA 21 v.5</subfield>
    <subfield code="p">R19404</subfield>
    <subfield code="r">2026-04-10 16:09:52</subfield>
    <subfield code="w">2026-04-10</subfield>
    <subfield code="y">RN</subfield>
  </datafield>
  <datafield tag="952" ind1=" " ind2=" ">
    <subfield code="0">0</subfield>
    <subfield code="1">0</subfield>
    <subfield code="4">0</subfield>
    <subfield code="7">0</subfield>
    <subfield code="a">BCEJYS</subfield>
    <subfield code="b">BCEJYS</subfield>
    <subfield code="c">17</subfield>
    <subfield code="d">1985-12-01</subfield>
    <subfield code="h">N&#xBA; 20 - dic. 1985</subfield>
    <subfield code="l">0</subfield>
    <subfield code="o">H330.101 ANA 20 v.1</subfield>
    <subfield code="p">R19394</subfield>
    <subfield code="r">2026-04-10 16:09:53</subfield>
    <subfield code="w">2026-04-10</subfield>
    <subfield code="y">RN</subfield>
  </datafield>
  <datafield tag="952" ind1=" " ind2=" ">
    <subfield code="0">0</subfield>
    <subfield code="1">0</subfield>
    <subfield code="4">0</subfield>
    <subfield code="7">0</subfield>
    <subfield code="a">BCEJYS</subfield>
    <subfield code="b">BCEJYS</subfield>
    <subfield code="c">17</subfield>
    <subfield code="d">1985-12-01</subfield>
    <subfield code="h">N&#xBA; 20 - dic. 1985</subfield>
    <subfield code="l">0</subfield>
    <subfield code="o">H330.101 ANA 20 v.2</subfield>
    <subfield code="p">R19395</subfield>
    <subfield code="r">2026-04-10 16:09:53</subfield>
    <subfield code="w">2026-04-10</subfield>
    <subfield code="y">RN</subfield>
  </datafield>
  <datafield tag="952" ind1=" " ind2=" ">
    <subfield code="0">0</subfield>
    <subfield code="1">0</subfield>
    <subfield code="4">0</subfield>
    <subfield code="7">0</subfield>
    <subfield code="a">BCEJYS</subfield>
    <subfield code="b">BCEJYS</subfield>
    <subfield code="c">17</subfield>
    <subfield code="d">1985-12-01</subfield>
    <subfield code="h">N&#xBA; 20 - dic. 1985</subfield>
    <subfield code="l">0</subfield>
    <subfield code="o">H330.101 ANA 20 v.3</subfield>
    <subfield code="p">R19396</subfield>
    <subfield code="r">2026-04-10 16:09:53</subfield>
    <subfield code="w">2026-04-10</subfield>
    <subfield code="y">RN</subfield>
  </datafield>
  <datafield tag="952" ind1=" " ind2=" ">
    <subfield code="0">0</subfield>
    <subfield code="1">0</subfield>
    <subfield code="4">0</subfield>
    <subfield code="7">0</subfield>
    <subfield code="a">BCEJYS</subfield>
    <subfield code="b">BCEJYS</subfield>
    <subfield code="c">17</subfield>
    <subfield code="d">1985-12-01</subfield>
    <subfield code="h">N&#xBA; 20 - dic. 1985</subfield>
    <subfield code="l">0</subfield>
    <subfield code="o">H330.101 ANA 20 v.4</subfield>
    <subfield code="p">R19397</subfield>
    <subfield code="r">2026-04-10 16:09:53</subfield>
    <subfield code="w">2026-04-10</subfield>
    <subfield code="y">RN</subfield>
  </datafield>
  <datafield tag="952" ind1=" " ind2=" ">
    <subfield code="0">0</subfield>
    <subfield code="1">0</subfield>
    <subfield code="4">0</subfield>
    <subfield code="7">0</subfield>
    <subfield code="a">BCEJYS</subfield>
    <subfield code="b">BCEJYS</subfield>
    <subfield code="c">17</subfield>
    <subfield code="d">1985-12-01</subfield>
    <subfield code="h">N&#xBA; 20 - dic. 1985</subfield>
    <subfield code="l">0</subfield>
    <subfield code="o">H330.101 ANA 20 v.5</subfield>
    <subfield code="p">R19398</subfield>
    <subfield code="r">2026-04-10 16:09:53</subfield>
    <subfield code="w">2026-04-10</subfield>
    <subfield code="y">RN</subfield>
  </datafield>
  <datafield tag="952" ind1=" " ind2=" ">
    <subfield code="0">0</subfield>
    <subfield code="1">0</subfield>
    <subfield code="4">0</subfield>
    <subfield code="7">0</subfield>
    <subfield code="a">BCEJYS</subfield>
    <subfield code="b">BCEJYS</subfield>
    <subfield code="c">17</subfield>
    <subfield code="d">1985-12-01</subfield>
    <subfield code="h">N&#xBA; 20 - dic. 1985</subfield>
    <subfield code="l">0</subfield>
    <subfield code="o">H330.101 ANA 20 v.6</subfield>
    <subfield code="p">R19399</subfield>
    <subfield code="r">2026-04-10 16:09:53</subfield>
    <subfield code="w">2026-04-10</subfield>
    <subfield code="y">RN</subfield>
  </datafield>
  <datafield tag="952" ind1=" " ind2=" ">
    <subfield code="0">0</subfield>
    <subfield code="1">0</subfield>
    <subfield code="4">0</subfield>
    <subfield code="7">0</subfield>
    <subfield code="a">BCEJYS</subfield>
    <subfield code="b">BCEJYS</subfield>
    <subfield code="c">17</subfield>
    <subfield code="d">1984-12-01</subfield>
    <subfield code="h">N&#xBA; 19 - dic. 1984</subfield>
    <subfield code="l">0</subfield>
    <subfield code="o">H330.101 ANA 19 v.1</subfield>
    <subfield code="p">R19391</subfield>
    <subfield code="r">2026-04-10 16:09:53</subfield>
    <subfield code="w">2026-04-10</subfield>
    <subfield code="y">RN</subfield>
  </datafield>
  <datafield tag="952" ind1=" " ind2=" ">
    <subfield code="0">0</subfield>
    <subfield code="1">0</subfield>
    <subfield code="4">0</subfield>
    <subfield code="7">0</subfield>
    <subfield code="a">BCEJYS</subfield>
    <subfield code="b">BCEJYS</subfield>
    <subfield code="c">17</subfield>
    <subfield code="d">1984-12-01</subfield>
    <subfield code="h">N&#xBA; 19 - dic. 1984</subfield>
    <subfield code="l">0</subfield>
    <subfield code="o">H330.101 ANA 19 v.2</subfield>
    <subfield code="p">R19392</subfield>
    <subfield code="r">2026-04-10 16:09:53</subfield>
    <subfield code="w">2026-04-10</subfield>
    <subfield code="y">RN</subfield>
  </datafield>
  <datafield tag="952" ind1=" " ind2=" ">
    <subfield code="0">0</subfield>
    <subfield code="1">0</subfield>
    <subfield code="4">0</subfield>
    <subfield code="7">0</subfield>
    <subfield code="a">BCEJYS</subfield>
    <subfield code="b">BCEJYS</subfield>
    <subfield code="c">17</subfield>
    <subfield code="d">1984-12-01</subfield>
    <subfield code="h">N&#xBA; 19 - dic. 1984</subfield>
    <subfield code="l">0</subfield>
    <subfield code="o">H330.101 ANA 19 v.3</subfield>
    <subfield code="p">R19393</subfield>
    <subfield code="r">2026-04-10 16:09:53</subfield>
    <subfield code="w">2026-04-10</subfield>
    <subfield code="y">RN</subfield>
  </datafield>
  <datafield tag="952" ind1=" " ind2=" ">
    <subfield code="0">0</subfield>
    <subfield code="1">0</subfield>
    <subfield code="4">0</subfield>
    <subfield code="7">0</subfield>
    <subfield code="a">BCEJYS</subfield>
    <subfield code="b">BCEJYS</subfield>
    <subfield code="c">17</subfield>
    <subfield code="d">1983-12-01</subfield>
    <subfield code="h">N&#xBA; 18 - dic. 1983</subfield>
    <subfield code="l">0</subfield>
    <subfield code="o">H330.101 ANA 18 v.1</subfield>
    <subfield code="p">R19388</subfield>
    <subfield code="r">2026-04-10 16:09:53</subfield>
    <subfield code="w">2026-04-10</subfield>
    <subfield code="y">RN</subfield>
  </datafield>
  <datafield tag="952" ind1=" " ind2=" ">
    <subfield code="0">0</subfield>
    <subfield code="1">0</subfield>
    <subfield code="4">0</subfield>
    <subfield code="7">0</subfield>
    <subfield code="a">BCEJYS</subfield>
    <subfield code="b">BCEJYS</subfield>
    <subfield code="c">17</subfield>
    <subfield code="d">1983-12-01</subfield>
    <subfield code="h">N&#xBA; 18 - dic. 1983</subfield>
    <subfield code="l">0</subfield>
    <subfield code="o">H330.101 ANA 18 v.2</subfield>
    <subfield code="p">R19389</subfield>
    <subfield code="r">2026-04-10 16:09:53</subfield>
    <subfield code="w">2026-04-10</subfield>
    <subfield code="y">RN</subfield>
  </datafield>
  <datafield tag="952" ind1=" " ind2=" ">
    <subfield code="0">0</subfield>
    <subfield code="1">0</subfield>
    <subfield code="4">0</subfield>
    <subfield code="7">0</subfield>
    <subfield code="a">BCEJYS</subfield>
    <subfield code="b">BCEJYS</subfield>
    <subfield code="c">17</subfield>
    <subfield code="d">1983-12-01</subfield>
    <subfield code="h">N&#xBA; 18 - dic. 1983</subfield>
    <subfield code="l">0</subfield>
    <subfield code="o">H330.101 ANA 18 v.3</subfield>
    <subfield code="p">R19390</subfield>
    <subfield code="r">2026-04-10 16:09:53</subfield>
    <subfield code="w">2026-04-10</subfield>
    <subfield code="y">RN</subfield>
  </datafield>
  <datafield tag="952" ind1=" " ind2=" ">
    <subfield code="0">0</subfield>
    <subfield code="1">0</subfield>
    <subfield code="4">0</subfield>
    <subfield code="7">0</subfield>
    <subfield code="a">BCEJYS</subfield>
    <subfield code="b">BCEJYS</subfield>
    <subfield code="c">17</subfield>
    <subfield code="d">1980-11-10</subfield>
    <subfield code="h">N&#xBA; 15 - nov. 1980</subfield>
    <subfield code="l">0</subfield>
    <subfield code="o">H330.101 ANA 15</subfield>
    <subfield code="p">R19387</subfield>
    <subfield code="r">2026-04-10 16:09:53</subfield>
    <subfield code="w">2026-04-10</subfield>
    <subfield code="y">RN</subfield>
  </datafield>
  <datafield tag="952" ind1=" " ind2=" ">
    <subfield code="0">0</subfield>
    <subfield code="1">0</subfield>
    <subfield code="4">0</subfield>
    <subfield code="7">0</subfield>
    <subfield code="a">BCEJYS</subfield>
    <subfield code="b">BCEJYS</subfield>
    <subfield code="c">17</subfield>
    <subfield code="d">1979-11-01</subfield>
    <subfield code="h">N&#xBA; 14 - nov. 1979</subfield>
    <subfield code="l">0</subfield>
    <subfield code="o">H330.101 ANA 14 v.1</subfield>
    <subfield code="p">R19365</subfield>
    <subfield code="r">2026-04-10 16:09:53</subfield>
    <subfield code="w">2026-04-10</subfield>
    <subfield code="y">RN</subfield>
  </datafield>
  <datafield tag="952" ind1=" " ind2=" ">
    <subfield code="0">0</subfield>
    <subfield code="1">0</subfield>
    <subfield code="4">0</subfield>
    <subfield code="7">0</subfield>
    <subfield code="a">BCEJYS</subfield>
    <subfield code="b">BCEJYS</subfield>
    <subfield code="c">17</subfield>
    <subfield code="d">1979-11-01</subfield>
    <subfield code="h">N&#xBA; 14 - nov. 1979</subfield>
    <subfield code="l">0</subfield>
    <subfield code="o">H330.101 ANA 14 v.2</subfield>
    <subfield code="p">R19366</subfield>
    <subfield code="r">2026-04-10 16:09:53</subfield>
    <subfield code="w">2026-04-10</subfield>
    <subfield code="y">RN</subfield>
  </datafield>
  <datafield tag="952" ind1=" " ind2=" ">
    <subfield code="0">0</subfield>
    <subfield code="1">0</subfield>
    <subfield code="4">0</subfield>
    <subfield code="7">0</subfield>
    <subfield code="a">BCEJYS</subfield>
    <subfield code="b">BCEJYS</subfield>
    <subfield code="c">17</subfield>
    <subfield code="d">1979-11-01</subfield>
    <subfield code="h">N&#xBA; 14 - nov. 1979</subfield>
    <subfield code="l">0</subfield>
    <subfield code="o">H330.101 ANA 14 v.3</subfield>
    <subfield code="p">R19367</subfield>
    <subfield code="r">2026-04-10 16:09:53</subfield>
    <subfield code="w">2026-04-10</subfield>
    <subfield code="y">RN</subfield>
  </datafield>
  <datafield tag="952" ind1=" " ind2=" ">
    <subfield code="0">0</subfield>
    <subfield code="1">0</subfield>
    <subfield code="4">0</subfield>
    <subfield code="7">0</subfield>
    <subfield code="a">BCEJYS</subfield>
    <subfield code="b">BCEJYS</subfield>
    <subfield code="c">13</subfield>
    <subfield code="d">1978-12-01</subfield>
    <subfield code="h">n&#xBA; 13 - dic. 1978</subfield>
    <subfield code="l">0</subfield>
    <subfield code="o">H330.101 ANA 13 v.1</subfield>
    <subfield code="p">R21933</subfield>
    <subfield code="r">2026-04-10 16:09:53</subfield>
    <subfield code="w">2026-04-10</subfield>
    <subfield code="y">RN</subfield>
  </datafield>
  <datafield tag="952" ind1=" " ind2=" ">
    <subfield code="0">0</subfield>
    <subfield code="1">0</subfield>
    <subfield code="4">0</subfield>
    <subfield code="7">0</subfield>
    <subfield code="a">BCEJYS</subfield>
    <subfield code="b">BCEJYS</subfield>
    <subfield code="c">17</subfield>
    <subfield code="d">1975-12-01</subfield>
    <subfield code="h">N&#xBA; 10 - dic. 1975</subfield>
    <subfield code="l">0</subfield>
    <subfield code="o">H330.101 ANA 10 v.1</subfield>
    <subfield code="p">R19457</subfield>
    <subfield code="r">2026-04-10 16:09:53</subfield>
    <subfield code="w">2026-04-10</subfield>
    <subfield code="y">RN</subfield>
  </datafield>
  <datafield tag="952" ind1=" " ind2=" ">
    <subfield code="0">0</subfield>
    <subfield code="1">0</subfield>
    <subfield code="4">0</subfield>
    <subfield code="7">0</subfield>
    <subfield code="a">BCEJYS</subfield>
    <subfield code="b">BCEJYS</subfield>
    <subfield code="c">17</subfield>
    <subfield code="d">1975-12-01</subfield>
    <subfield code="h">N&#xBA; 10 - dic. 1975</subfield>
    <subfield code="l">0</subfield>
    <subfield code="o">H330.101 ANA 10 v.2</subfield>
    <subfield code="p">R19458</subfield>
    <subfield code="r">2026-04-10 16:09:53</subfield>
    <subfield code="w">2026-04-10</subfield>
    <subfield code="y">RN</subfield>
  </datafield>
</record>
